Practical Applied Mathematics. Modelling, Analysis, Approximation.
Guardat en:
| Autor principal: | |
|---|---|
| Format: | Desconegut |
| Publicat: |
Cambridge, United Kingdom:
Cambridge University Press,
2005.
|
| Col·lecció: | Cambridge Texts in Applied Mathematics.
|
| Matèries: | |
| Etiquetes: |
Afegir etiqueta
Sense etiquetes, Sigues el primer a etiquetar aquest registre!
|
MARC
| LEADER | 00000 a2200000 4500 | ||
|---|---|---|---|
| 003 | CL-VaPUC | ||
| 005 | 20230417131655.0 | ||
| 008 | 230330t2005 ||||| |||| 00| 0 eng d | ||
| 999 | |c 440213 |d 440211 | ||
| 020 | |a 9780521603690 | ||
| 040 | |c Pontificia Universidad Católica de Valparaíso | ||
| 082 | 7 | |a 530.15535 HOW 2005 |2 22 | |
| 100 | |a Howison, Sam |e author |9 880831 | ||
| 245 | |a Practical Applied Mathematics. |b Modelling, Analysis, Approximation. | ||
| 260 | |a Cambridge, United Kingdom: |b Cambridge University Press, |c 2005. | ||
| 300 | |a 326 páginas. | ||
| 490 | |a Cambridge Texts in Applied Mathematics. | ||
| 583 | |k GC |c 20230330 | ||
| 650 | 0 | |a Física matemática |9 260981 | |
| 650 | 0 | |a Ecuaciones diferenciales |9 260083 | |
| 942 | |2 ddc |c BK | ||
| 952 | |0 0 |1 0 |2 ddc |4 0 |6 530_155350000000000_HOW_2005 |7 0 |8 A |9 589290 |a BIBMAT |b BIBMAT |c GEN |d 2023-03-27 |e 1 |g 84842.00 |i 5656854 |l 1 |o 530.15535 HOW 2005 |p 5656854 |r 2025-01-07 |s 2024-03-20 |t 1 |v 84842.00 |w 2023-03-27 |y BK |k MSC | ||